000
00252nam a2200109Ia 4500
008
220204s9999 xx 000 0 und d
082
_a
82-3
_b
MAS
100
_a
Masters, John
245
0
_a
Trial at Monomoy
260
_a
London
_b
Corgi
_c
1975
942
_c
BK
999
_c
31043
_d
31043